寻找“逆子”-维基百科页面访问次数比所在地级行政区多的县级行政区 - Statistics

General Stats
  • This quiz has been taken 123 times
  • The average score is 6 of 15
Answer Stats
省份 县级行政区浏览数/月 所属地级行政区浏览数/月 % Correct
浙江 15559 6711 义乌市
95%
青海 3504 2591 格尔木市
63%
甘肃 19231 4441 敦煌市
61%
黑龙江 4743 3172 漠河市
56%
吉林 2950 1566 长白县
43%
山东 7737 4114 曲阜市
43%
山西 7608 1498 平遥县
38%
内蒙古 3318 3265 二连浩特市
36%
湖南 7345 2610 凤凰县
33%
云南 3048 2631 瑞丽市
31%
湖北 2192 1935 赤壁市
28%
云南 2595 2330 腾冲市
27%
湖南 4862 3570 韶山市
25%
广东 9693 8777 台山市
18%
云南 4001 3508 盐津县
11%
No matching quizzes found
Score Distribution
Percent of People with Each Score
Percentile by Number Answered
Your Score History
You have not taken this quiz